[Event "22.Deutsche Senioreneinzelmeisterschaft"]
[Site "Berlin"]
[Date "2010.08.20"]
[Round "5.106"]
[White "Mertens, Gottfried"]
[Black "Reeh, Axel"]
[Result "1-0"]
[WhiteElo "1762"]
[BlackElo "1602"]
[PlyCount "93"]
[EventDate "2010.??.??"]

1. f4 g6 2. Nf3 Bg7 3. e3 d6 4. d4 Nf6 5. Bd3 c6 6. O-O Na6 7. c3 Bd7 8. a4 Nc7
9. Na3 Qc8 10. Qe1 Ne6 11. f5 Nc7 12. e4 gxf5 13. exf5 Bxf5 14. Bxf5 Qxf5 15.
Nh4 Qd7 16. Nf5 Ne6 17. Nxg7+ Nxg7 18. Rxf6 O-O-O 19. Rxf7 Ne6 20. Qh4 Rde8 21.
Rxh7 Rhg8 22. Bd2 c5 23. Qh3 cxd4 24. cxd4 Rg6 25. Rc1+ Kb8 26. Rh8 Qxa4 27.
Rxe8+ Qxe8 28. Be3 Qg8 29. Rc2 Rg4 30. Nb5 a6 31. Nc3 Qg6 32. Rd2 Qg8 33. d5
Nc7 34. Qf3 Ne8 35. Bd4 Nf6 36. Bxf6 exf6 37. Qxf6 Rg6 38. Qf3 Qh8 39. Rf2 Rg8
40. Qf6 Qh7 41. Qxd6+ Ka7 42. Qc5+ Ka8 43. Rf8+ Rxf8 44. Qxf8+ Ka7 45. Qf2+ Kb8
46. Qd2 Qd7 47. d6 1-0

[Event "22.Deutsche Senioreneinzelmeisterschaft"]
[Site "Berlin"]
[Date "2010.08.20"]
[Round "5.107"]
[White "Gensch, Manfred"]
[Black "Kienel, Norbert"]
[Result "1/2-1/2"]
[WhiteElo "1750"]
[BlackElo "1596"]
[PlyCount "40"]
[EventDate "2010.??.??"]

1. e4 c5 2. c3 Nc6 3. d4 cxd4 4. cxd4 e6 5. Nf3 Nf6 6. Bd3 Bb4+ 7. Bd2 O-O 8.
a3 Bxd2+ 9. Qxd2 d5 10. e5 Ne4 11. Qe3 f5 12. exf6 Nxf6 13. O-O Ng4 14. Qe2 Qc7
15. g3 e5 16. dxe5 Ngxe5 17. Nxe5 Nxe5 18. Nd2 Bg4 19. Qe3 Rad8 20. Qd4 Bf3
1/2-1/2

[Event "22.Deutsche Senioreneinzelmeisterschaft"]
[Site "Berlin"]
[Date "2010.08.20"]
[Round "5.108"]
[White "Thielemann, Joachim"]
[Black "Zanger, Konrad"]
[Result "1/2-1/2"]
[WhiteElo "1744"]
[BlackElo "1591"]
[PlyCount "86"]
[EventDate "2010.??.??"]
[WhiteTeam "SG Turm Kiel von 1910"]
[BlackTeam "BSW Lokomotive Dresden"]

1. e4 d6 2. g3 g6 3. Bg2 Bg7 4. c3 Nc6 5. d3 Nf6 6. h3 O-O 7. Ne2 e5 8. O-O Re8
9. Qc2 Rb8 10. Bg5 h6 11. Be3 b6 12. Nd2 Ne7 13. f4 Nh7 14. d4 f5 15. Rad1 fxe4
16. dxe5 Nf5 17. Qxe4 dxe5 18. Nf3 Qe7 19. fxe5 Bb7 20. Qc4+ Kh8 21. Bf2 Bxf3
22. Bxf3 Bxe5 23. Bc6 Red8 24. Nf4 Bxf4 25. Qxf4 Ng5 26. Bg2 Rf8 27. Bd4+ Kh7
28. Rde1 Qd7 29. Qg4 Rbd8 30. h4 Ne6 31. Be5 h5 32. Qe2 Neg7 33. Bh3 c5 34. Rd1
Qe7 35. Rxd8 Rxd8 36. Bxf5 Nxf5 37. Rxf5 Qd7 38. Rf1 Re8 39. Qc4 Re7 40. Qf4
Qe6 41. Bd6 Rd7 42. Bf8 Kg8 43. Bh6 Kh7 {
und noch etwa 63 weitere unleserliche, nicht rekonstruierbare Zuege} 1/2-1/2

[Event "22.Deutsche Senioreneinzelmeisterschaft"]
[Site "Berlin"]
[Date "2010.08.20"]
[Round "5.109"]
[White "Pfueller, Volker"]
[Black "Hagermann, Hermann"]
[Result "0-1"]
[WhiteElo "1585"]
[BlackElo "1738"]
[PlyCount "122"]
[EventDate "2010.??.??"]
[WhiteTeam "SV Pasewalk"]
[BlackTeam "SV Erkenschwick 1923 e"]

1. b4 a5 2. b5 a4 3. a3 d5 4. e3 Nd7 5. Bb2 Ngf6 6. Nf3 e6 7. Be2 Bd6 8. O-O
O-O 9. c4 c6 10. Qc2 e5 11. d3 Re8 12. h3 Qe7 13. Nbd2 Nf8 14. Kh1 Bd7 15. c5
Bb8 16. b6 Ng6 17. Nh2 h6 18. Rac1 Ra5 19. d4 e4 20. Bc3 Ra8 21. f4 exf3 22.
Rxf3 Nh4 23. Rcf1 Nxf3 24. Rxf3 Nh5 25. Ndf1 f5 26. Rf2 Qg5 27. Nf3 Ng3+ 28.
Kg1 Nxe2+ 29. Rxe2 Qe7 30. Bb2 Ra5 31. Qd2 Rb5 32. Qc2 Ra5 33. Bc3 Ra8 34. Bd2
Qe4 35. Qxe4 Rxe4 36. Be1 g5 37. N3d2 Re8 38. Kf2 Kf7 39. Nf3 Kg6 40. Bc3 h5
41. Ne5+ Bxe5 42. dxe5 h4 43. Nh2 g4 44. hxg4 fxg4 45. g3 Rf8+ 46. Kg2 h3+ 47.
Kg1 Bf5 48. Rf2 Kh5 49. Rf4 Be6 50. Kf2 Rxf4+ 51. exf4 Kg6 52. Ke3 d4+ 53. Kxd4
Rd8+ 54. Ke3 Rd1 55. Kf2 Rc1 56. Be1 Kf5 57. Bd2 Rc2 58. Ke3 Rxc5 59. Nf1 Rc2
60. Kf2 Ra2 61. Ne3+ Ke4 0-1

[Event "22.Deutsche Senioreneinzelmeisterschaft"]
[Site "Berlin"]
[Date "2010.08.20"]
[Round "5.110"]
[White "Rieck, Helmut"]
[Black "Schwichtenberg, Juergen"]
[Result "1/2-1/2"]
[WhiteElo "1731"]
[BlackElo "1584"]
[PlyCount "57"]
[EventDate "2010.??.??"]
[WhiteTeam "SV Rot-Weiß Neuenhagen"]
[BlackTeam "SV 1920 Hofheim"]

1. e4 d5 2. exd5 Nf6 3. Nf3 Nxd5 4. d4 Bg4 5. Be2 e6 6. O-O Be7 7. c4 Nf6 8.
Nc3 O-O 9. Be3 Nbd7 10. c5 c6 11. h3 Bh5 12. b4 a6 13. a3 h6 14. Qd2 Bg6 15.
Bd3 Bxd3 16. Qxd3 Nd5 17. Nxd5 exd5 18. Rfe1 Re8 19. Bf4 Nf8 20. Ne5 Bf6 21.
Bg3 Bh4 22. Qf5 Bf6 23. f4 g6 24. Qd3 Bh4 25. Ng4 Rxe1+ 26. Rxe1 h5 27. Ne5
Bxg3 28. Qxg3 Qf6 29. Qf2 1/2-1/2

[Event "22.Deutsche Senioreneinzelmeisterschaft"]
[Site "Berlin"]
[Date "2010.08.20"]
[Round "5.111"]
[White "Strohbusch, Frank"]
[Black "Olschewsky, Roman"]
[Result "1-0"]
[WhiteElo "1724"]
[BlackElo "1579"]
[PlyCount "65"]
[EventDate "2010.??.??"]
[WhiteTeam "SK Freising"]
[BlackTeam "SG  Wedding e.V."]

1. e4 d6 2. d4 g6 3. Nf3 Bg7 4. Bd3 Nf6 5. O-O O-O 6. Re1 Bg4 7. c3 b6 8. h3
Bxf3 9. Qxf3 Nbd7 10. Nd2 c5 11. e5 Ne8 12. Bb5 Rb8 13. Qc6 a6 14. Qxd7 axb5
15. Qxb5 Nc7 16. Qc6 cxd4 17. cxd4 Ne6 18. Nf3 d5 19. Bd2 Rc8 20. Qb5 Rc4 21.
Bc3 Nf4 22. Rac1 Nd3 23. b3 Nxe1 24. bxc4 Nxf3+ 25. gxf3 e6 26. Bd2 Qh4 27.
Qxb6 Qxh3 28. Qb3 f6 29. cxd5 fxe5 30. dxe6 Kh8 31. e7 Rc8 32. Rxc8+ Qxc8 33.
Qf7 1-0

[Event "22.Deutsche Senioreneinzelmeisterschaft"]
[Site "Berlin"]
[Date "2010.08.20"]
[Round "5.112"]
[White "Bars, Joachim"]
[Black "Knaak, Hans"]
[Result "1-0"]
[WhiteElo "1717"]
[BlackElo "1549"]
[PlyCount "73"]
[EventDate "2010.??.??"]
[WhiteTeam "SF Drensteinfurt e.V."]
[BlackTeam "Forster SC 95"]

1. d4 Nf6 2. c4 g6 3. Nc3 d5 4. cxd5 Nxd5 5. e4 Nxc3 6. bxc3 Bg7 7. Rb1 c5 8.
Nf3 O-O 9. Be2 Nc6 10. d5 Bxc3+ 11. Bd2 Bxd2+ 12. Qxd2 Nb8 13. O-O Nd7 14. Qh6
f6 15. Nh4 Ne5 16. Qe3 b6 17. f4 Nf7 18. Nf3 Qd6 19. Bc4 a6 20. e5 Qc7 21. d6
exd6 22. e6 Bxe6 23. Bxe6 Rae8 24. Qb3 b5 25. f5 c4 26. Qb4 Kg7 27. Rfd1 gxf5
28. Bxf7 Rxf7 29. Rxd6 c3 30. Rc1 Re4 31. Nd4 Qa7 32. Qxc3 Rfe7 33. h3 Re3 34.
Nxf5+ Kg8 35. Nxe3 Rxe3 36. Qc5 Re1+ 37. Kh2 1-0

[Event "22.Deutsche Senioreneinzelmeisterschaft"]
[Site "Berlin"]
[Date "2010.08.20"]
[Round "5.113"]
[White "Fleischer, Matthias"]
[Black "Junghaenel, Dieter"]
[Result "1-0"]
[WhiteElo "1714"]
[BlackElo "1523"]
[PlyCount "151"]
[EventDate "2010.??.??"]

1. Nf3 d6 2. e4 Bg4 3. Be2 Bxf3 4. Bxf3 c6 5. Nc3 Nd7 6. d3 g6 7. O-O Bg7 8.
Bd2 Ngf6 9. Re1 Ne5 10. Be2 c5 11. h3 Nc6 12. Rb1 a6 13. a4 O-O 14. Na2 a5 15.
c3 Nd7 16. Be3 b6 17. Qd2 Qc7 18. d4 Rfd8 19. d5 Ncb8 20. Bh6 Nf6 21. Bxg7 Kxg7
22. Bc4 Nbd7 23. f4 Nf8 24. e5 Ng8 25. Qe3 Ra7 26. Rbd1 Rb8 27. Nc1 Qd8 28. Ne2
Qd7 29. Ng3 Qxa4 30. b3 Qd7 31. e6 Qe8 32. f5 b5 33. Bd3 Nf6 34. c4 b4 35. Rf1
Rbb7 36. Rf4 g5 37. Rff1 h6 38. Ne4 Nxe4 39. Bxe4 f6 40. Qf3 a4 41. bxa4 Rxa4
42. Rb1 Ra3 43. Rb3 Rxb3 44. Qxb3 Ra7 45. Qb2 Nh7 46. g4 Qa8 47. Rf2 Ra3 48.
Kg2 b3 49. Bb1 Qa4 50. Qc3 Qa7 51. Rb2 Qb6 52. Kf2 Nf8 53. Ke2 Nh7 54. Kd2 Kf8
55. Bc2 Ra2 56. Rxb3 Qa7 57. Rb1 Ra3 58. Bb3 Qb6 59. Kd1 Qa7 60. Qb2 Qa5 61.
Qd2 Qa6 62. Kc2 Qb6 63. Rb2 Qa7 64. Rb1 Qb6 65. Qc1 Qb4 66. Qb2 Qa5 67. Qc3 Qa7
68. Kd1 Qa8 69. Kc2 Ke8 70. Qb2 Kd8 71. Kc1 Qa5 72. Kd1 Kc7 73. Bc2 Qa7 74. Qb5
Nf8 75. Qe8 Rxh3 76. Qxe7+ 1-0

[Event "22.Deutsche Senioreneinzelmeisterschaft"]
[Site "Berlin"]
[Date "2010.08.20"]
[Round "5.114"]
[White "Mehlhorn, Dieter"]
[Black "Radloff, Rainer"]
[Result "0-1"]
[WhiteElo "1705"]
[BlackElo "1516"]
[PlyCount "102"]
[EventDate "2010.??.??"]

1. d4 d5 2. Nf3 e6 3. Nbd2 Nf6 4. e3 Be7 5. Bd3 O-O 6. O-O Nbd7 7. c3 c5 8. Re1
b6 9. b3 Bb7 10. Bb2 Rc8 11. h3 Ne4 12. Rc1 Ndf6 13. Bb1 Bd6 14. Nf1 Rc7 15.
Ne5 Nd7 16. Nxd7 Rxd7 17. f4 f5 18. Bxe4 fxe4 19. Qg4 Rf6 20. Qe2 Rg6 21. Rc2
Qh4 22. Kh2 Rh6 23. Qf2 Qh5 24. Qe2 Qf7 25. g3 Qf5 26. Qg2 g5 27. Rf2 gxf4 28.
exf4 Rg7 29. h4 Rxh4+ 30. gxh4 Bxf4+ 31. Ng3 Rxg3 32. Qxg3+ Bxg3+ 33. Kxg3 Qh5
34. Rg1 h6 35. Bc1 e5 36. dxe5 d4 37. cxd4 cxd4 38. Rf6 e3 39. Kh3+ Kh7 40. e6
Be4 41. Rf7+ Kh8 42. Rf4 Bf5+ 43. Kh2 Bxe6 44. Ba3 Bd5 45. Bd6 d3 46. Be7 Kh7
47. Bf6 Qe2+ 48. Kh3 Be6+ 49. Kg3 d2 50. Rff1 Qxf1 51. Rxf1 e2 0-1

[Event "22.Deutsche Senioreneinzelmeisterschaft"]
[Site "Berlin"]
[Date "2010.08.20"]
[Round "5.115"]
[White "Garms, Ilse"]
[Black "Voigt, Udo"]
[Result "1-0"]
[WhiteElo "1516"]
[BlackElo "1700"]
[PlyCount "99"]
[EventDate "2010.??.??"]
[WhiteTeam "PostSV Brandenburg e.V."]
[BlackTeam "SK Turm 1898 Berlin"]

1. d4 d5 2. c4 Nf6 3. cxd5 Qxd5 4. Nc3 Qd8 5. e3 e6 6. Nf3 b6 7. Ne5 Bb7 8. Qc2
Bd6 9. Nb5 O-O 10. Bd2 Nbd7 11. Nc6 Bxc6 12. Qxc6 a5 13. Nxd6 cxd6 14. Qxd6 Ne4
15. Qa3 Nxd2 16. Kxd2 Qf6 17. f3 e5 18. d5 Nc5 19. e4 Rac8 20. Bb5 Qg5+ 21. Qe3
Qxg2+ 22. Be2 Qg6 23. Rhg1 Qd6 24. Rg2 Ne6 25. Qa3 Nc5 26. Rag1 g6 27. h4 Qf6
28. h5 Nxe4+ 29. fxe4 Qf4+ 30. Qe3 Rc2+ 31. Kd3 Qxe3+ 32. Kxe3 Rxb2 33. hxg6
fxg6 34. Rg5 Rxa2 35. Rxe5 Ra3+ 36. Bd3 Rd8 37. Re6 b5 38. d6 Rd7 39. Rf1 Rc3
40. Kd4 Rc8 41. Bxb5 Rdd8 42. Bc4 Kg7 43. Re7+ Kh6 44. Rh1+ Kg5 45. Rhxh7 a4
46. Ra7 Ra8 47. Kd5 Rf8 48. Rxa8 Rxa8 49. Ba2 Kf4 50. d7 1-0

[Event "22.Deutsche Senioreneinzelmeisterschaft"]
[Site "Berlin"]
[Date "2010.08.20"]
[Round "5.116"]
[White "Petrykowski, Reinhardt"]
[Black "Klein, Alfred"]
[Result "1/2-1/2"]
[WhiteElo "1686"]
[BlackElo "1446"]
[PlyCount "28"]
[EventDate "2010.??.??"]
[WhiteTeam "SC Caissa Falkensee e.V."]
[BlackTeam "TSV 1876 Bad Kissingen"]

1. e4 d5 2. exd5 Qxd5 3. Nf3 Nf6 4. Be2 Bf5 5. Nc3 Qa5 6. a3 e6 7. d3 c6 8. Bg5
Be7 9. Qd2 h6 10. Bf4 Nbd7 11. O-O O-O 12. b4 Qb6 13. Na4 Qb5 14. Nc3 Qb6
1/2-1/2

[Event "22.Deutsche Senioreneinzelmeisterschaft"]
[Site "Berlin"]
[Date "2010.08.20"]
[Round "5.117"]
[White "Toth, Hans-Juergen"]
[Black "Weller, Friedhelm"]
[Result "0-1"]
[WhiteElo "1451"]
[BlackElo "1685"]
[PlyCount "80"]
[EventDate "2010.??.??"]

1. f4 d5 2. Nf3 Nc6 3. e3 a5 4. b3 Nf6 5. Bb2 e6 6. Be2 Bd6 7. O-O O-O 8. h3
Ne4 9. Nc3 Ng3 10. Rf2 Nxe2+ 11. Nxe2 f5 12. Ned4 Qe8 13. Nxc6 bxc6 14. Be5 c5
15. d4 cxd4 16. Qxd4 Qe7 17. c4 Bc5 18. Qd3 Bb7 19. Bd4 Rad8 20. cxd5 Rxd5 21.
Rc1 Ba3 22. Rc4 c5 23. Rfc2 Rc8 24. Qe2 Rcd8 25. Bc3 Bc6 26. Bxa5 R8d6 27. Qf2
Bb5 28. R4c3 Rd1+ 29. Kh2 Rf1 30. Qh4 Qxh4 31. Nxh4 Rdd1 32. Nf3 Bc6 33. Ne5
Be4 34. Rxc5 Bxc5 35. Rxc5 g6 36. Nf3 Bxf3 37. gxf3 Rxf3 38. Rc8+ Kg7 39. Bb6
Rd2+ 40. Kg1 Rxh3 0-1

[Event "22.Deutsche Senioreneinzelmeisterschaft"]
[Site "Berlin"]
[Date "2010.08.20"]
[Round "5.118"]
[White "Fiedler, Ronald"]
[Black "Klevenow, Hellmut"]
[Result "1/2-1/2"]
[WhiteElo "1477"]
[BlackElo "1661"]
[PlyCount "50"]
[EventDate "2010.??.??"]

1. d4 d5 2. c4 c6 3. cxd5 cxd5 4. Nc3 Nf6 5. Bf4 a6 6. e3 Nbd7 7. Bd3 e6 8. Rc1
Qb6 9. Qc2 Bb4 10. a3 Bxc3+ 11. Qxc3 O-O 12. Bc2 Qa7 13. Nf3 Ne4 14. Bxe4 dxe4
15. Ne5 Nxe5 16. Bxe5 Bd7 17. O-O Rfc8 18. Qb4 Rc6 19. Rxc6 Bxc6 20. Rc1 h6 21.
h3 Re8 22. Bc7 Qa8 23. Qd6 Qc8 24. b4 Qd7 25. Qxd7 Bxd7 1/2-1/2

[Event "22.Deutsche Senioreneinzelmeisterschaft"]
[Site "Berlin"]
[Date "2010.08.20"]
[Round "5.119"]
[White "Kunze, Manfred"]
[Black "Kluger, Hans-Peter"]
[Result "0-1"]
[WhiteElo "1540"]
[BlackElo "1743"]
[PlyCount "80"]
[EventDate "2010.??.??"]

1. c4 g6 2. Nc3 Bg7 3. Nf3 Nf6 4. g3 O-O 5. Bg2 d6 6. O-O c6 7. Rb1 Bf5 8. d3
Qc8 9. e4 Bh3 10. Nh4 Bxg2 11. Kxg2 e5 12. b4 Nbd7 13. a4 a5 14. Bd2 axb4 15.
Rxb4 Nc5 16. Qc2 Ne8 17. Rfb1 Nc7 18. Be3 N7e6 19. Nf3 f5 20. exf5 gxf5 21. Ne2
Rf7 22. d4 Na6 23. Rb6 f4 24. Bc1 fxg3 25. hxg3 exd4 26. Nf4 Nac5 27. Nxe6 Nxe6
28. Ng5 Nxg5 29. Bxg5 Qg4 30. Bh4 Qf3+ 31. Kg1 d3 32. Qd2 Qe2 33. Qxe2 dxe2 34.
g4 Bd4 35. R6b3 Rxa4 36. Re1 Ra2 37. Kg2 b6 38. f3 Rc2 39. Bf2 Bc3 40. Rh1 e1=Q
0-1

[Event "22.Deutsche Senioreneinzelmeisterschaft"]
[Site "Berlin"]
[Date "2010.08.20"]
[Round "5.120"]
[White "Kuehnl, Bernd"]
[Black "Hirr, Rudi"]
[Result "0-1"]
[WhiteElo "1689"]
[BlackElo "1534"]
[PlyCount "113"]
[EventDate "2010.??.??"]

1. d4 Nf6 2. c4 e6 3. Nc3 Bb4 4. Bd2 O-O 5. Nf3 b6 6. g3 Bb7 7. Bg2 Re8 8. O-O
d5 9. cxd5 exd5 10. Rc1 Nbd7 11. a3 Bxc3 12. Rxc3 Ne4 13. Rc1 Nxd2 14. Qxd2 Nf6
15. Ne5 Rc8 16. Nc6 Bxc6 17. Rxc6 Qd7 18. Qc2 Re6 19. Rc3 Re7 20. Rc1 g6 21.
Rc6 Kg7 22. h4 Ne8 23. e3 Rd8 24. Kh2 Qg4 25. Bf1 Rd6 26. Bg2 Qe6 27. Rc3 Qf6
28. b4 g5 29. hxg5 Qxg5 30. Rc6 Ree6 31. Rxd6 cxd6 32. Rh1 Rh6+ 33. Kg1 Rxh1+
34. Bxh1 Nf6 35. Bf3 h5 36. Kf1 h4 37. gxh4 Qxh4 38. Qf5 Ne4 39. Qg4+ Qxg4 40.
Bxg4 Kg6 41. Bd1 Kf6 42. Ke1 Nc3 43. Bb3 a5 44. bxa5 bxa5 45. a4 Ke6 46. f3 f5
47. Kd2 Nb1+ 48. Kc2 Na3+ 49. Kc3 Nb1+ 50. Kc2 Na3+ 51. Kd3 Nb1 52. e4 fxe4+
53. fxe4 Kd7 54. Bxd5 Na3 55. Kc3 Nb1+ 56. Kc2 Na3+ 57. Kb2 0-1

[Event "22.Deutsche Senioreneinzelmeisterschaft"]
[Site "Berlin"]
[Date "2010.08.20"]
[Round "5.121"]
[White "Bartle, Georg"]
[Black "Wegmann, Bernard"]
[Result "1/2-1/2"]
[WhiteElo "1678"]
[BlackElo "1513"]
[PlyCount "92"]
[EventDate "2010.??.??"]
[WhiteTeam "SC Donaueschingen"]
[BlackTeam "SSV Rotation Berlin e.V."]

1. b4 d5 2. Bb2 Nf6 3. e3 Bf5 4. c4 e6 5. a3 Nbd7 6. Nf3 c6 7. d3 Bd6 8. c5 Bc7
9. d4 O-O 10. Be2 Re8 11. Ne5 Nxe5 12. dxe5 Nd7 13. f4 Qh4+ 14. g3 Qe7 15. O-O
h6 16. Nd2 a5 17. Bg4 Bd3 18. Re1 Bh7 19. e4 Rad8 20. exd5 cxd5 21. Bd4 Nb8 22.
b5 Rc8 23. Qa4 Nd7 24. Rac1 b6 25. c6 Nc5 26. Bxc5 bxc5 27. Qd1 c4 28. a4 Bb6+
29. Kg2 Qb4 30. Be2 Be3 31. Nxc4 dxc4 32. Rxc4 Qb2 33. Kh3 Bb6 34. Bd3 Bxd3 35.
Qxd3 Red8 36. Qc2 Qa3 37. Rd1 Qf3 38. Rxd8+ Rxd8 39. c7 Rc8 40. Rc6 Qf1+ 41.
Kh4 g5+ 42. fxg5 hxg5+ 43. Kxg5 Be3+ 44. Kg4 Kh8 45. Kh4 Kg7 46. Kg4 Kh8
1/2-1/2

[Event "22.Deutsche Senioreneinzelmeisterschaft"]
[Site "Berlin"]
[Date "2010.08.20"]
[Round "5.122"]
[White "Scholz, Werner"]
[Black "Lueders, Guenther"]
[Result "1/2-1/2"]
[WhiteElo "1478"]
[BlackElo "1663"]
[PlyCount "105"]
[EventDate "2010.??.??"]

1. d4 d5 2. Nf3 Nf6 3. e3 e6 4. Bd3 Be7 5. Nbd2 O-O 6. O-O Nbd7 7. Re1 c5 8. c3
b6 9. e4 dxe4 10. Nxe4 cxd4 11. Nxd4 Bb7 12. Qf3 Kh8 13. Qh3 Nxe4 14. Bxe4 Bxe4
15. Rxe4 Nf6 16. Rh4 h5 17. Bg5 g6 18. Nc6 Qd5 19. Nxe7 Qxg5 20. Nc6 Qd5 21.
Rf4 Kg7 22. Qf3 Qxf3 23. Rxf3 Rfc8 24. Ne5 Rd8 25. Rd3 Rxd3 26. Nxd3 Rd8 27.
Nb4 Rd2 28. Rb1 Ne4 29. f3 Nc5 30. Nc6 a6 31. Ne5 b5 32. c4 bxc4 33. Nxc4 Rc2
34. Nb6 Nd3 35. Na4 Nf4 36. g3 Nd3 37. h3 Re2 38. f4 Rc2 39. a3 Re2 40. Rd1
Nxb2 41. Nxb2 Rxb2 42. Rd6 Rb3 43. Rxa6 Rxg3+ 44. Kh2 Rf3 45. Ra4 Kf8 46. Kg2
Rd3 47. Ra5 Rb3 48. h4 Re3 49. a4 Rd3 50. Ra7 Ra3 51. Ra5 Rd3 52. Ra7 Rb3 53.
Ra5 1/2-1/2

[Event "22.Deutsche Senioreneinzelmeisterschaft"]
[Site "Berlin"]
[Date "2010.08.20"]
[Round "5.123"]
[White "Berger, Volkmar"]
[Black "Elstein, Alla"]
[Result "1-0"]
[WhiteElo "1653"]
[BlackElo "1505"]
[PlyCount "41"]
[EventDate "2010.??.??"]
[WhiteTeam "Landessenioren-SV Bran"]
[BlackTeam "SK Union Oldenburg"]

1. d4 d5 2. Nf3 Nf6 3. e3 Bg4 4. h3 Bh5 5. Nbd2 e6 6. a3 c6 7. Bd3 Nbd7 8. g4
Bg6 9. Bxg6 hxg6 10. Ne5 Nxe5 11. dxe5 Nd7 12. Nf3 Qc7 13. Qd4 Be7 14. Bd2 f6
15. Bc3 g5 16. O-O-O c5 17. Qa4 b6 18. exf6 gxf6 19. Nxg5 Qd6 20. Ne4 Qc7 21.
Nxf6+ 1-0

[Event "22.Deutsche Senioreneinzelmeisterschaft"]
[Site "Berlin"]
[Date "2010.08.20"]
[Round "5.124"]
[White "Prinz, Tade"]
[Black "Paetzold, Horst"]
[Result "0-1"]
[WhiteElo "1467"]
[BlackElo "1641"]
[PlyCount "130"]
[EventDate "2010.??.??"]
[WhiteTeam "BSG 1827 Eckbauer e.V."]
[BlackTeam "SG Trier"]

1. d4 c5 2. Nf3 cxd4 3. Qxd4 e6 4. c3 d5 5. Bf4 Nd7 6. e3 a6 7. a4 Ngf6 8. Qd1
Be7 9. Nbd2 O-O 10. Ne5 Nxe5 11. Bxe5 Bd7 12. Bd3 Qb6 13. b4 Bc6 14. Bd4 Qc7
15. f4 Ne4 16. a5 f5 17. Rc1 Rac8 18. Nf3 Be8 19. Ne5 Bxb4 20. Bxe4 dxe4 21.
O-O Bxa5 22. Qb3 Bf7 23. Rfd1 Qe7 24. c4 Rfd8 25. c5 Be8 26. Rb1 Bb5 27. Qa2
Bc7 28. Nc4 Rd5 29. Rdc1 Bxf4 30. Qf2 Bc7 31. g3 Bxc4 32. Rxc4 Be5 33. Rcb4 Rc7
34. h4 Bxd4 35. exd4 h6 36. Rb6 Kh7 37. R1b4 Rcd7 38. Qb2 Qf6 39. Rd6 R5xd6 40.
cxd6 Rxd6 41. Kg2 b5 42. Qc3 Qd8 43. Qc5 Qb6 44. Qe5 Rd5 45. Qf4 Rxd4 46. Qf2
Rd6 47. Qf4 Rd5 48. Rb1 Qd6 49. Qxd6 Rxd6 50. Kf2 Kg6 51. Rb2 e5 52. Kg2 f4 53.
g4 e3 54. Kf3 Kf6 55. Rc2 b4 56. Rc8 Rb6 57. Re8 b3 58. g5+ hxg5 59. hxg5+ Kf7
60. Rh8 b2 61. Rh2 b1=Q 62. g6+ Qxg6 63. Rh8 Rb4 64. Rh3 Qe4+ 65. Kg4 f3+ 0-1

[Event "22.Deutsche Senioreneinzelmeisterschaft"]
[Site "Berlin"]
[Date "2010.08.20"]
[Round "5.125"]
[White "Peter, Volkhard"]
[Black "Seidel, Manfred"]
[Result "1-0"]
[WhiteElo "1640"]
[BlackElo "1502"]
[PlyCount "26"]
[EventDate "2010.??.??"]
[WhiteTeam "Schachclub Oranienburg e.V."]
[BlackTeam "Spandauer SV e.V."]

1. e4 e5 2. f4 Nc6 3. Nf3 d6 4. Bc4 Bg4 5. Bxf7+ Kd7 6. fxe5 Bxf3 7. e6+ Kc8 8.
Qxf3 Ne5 9. Qh3 Qe7 10. Nc3 c6 11. d4 Nxf7 12. exf7+ Qd7 13. fxg8=Q Rxg8 1-0

[Event "22.Deutsche Senioreneinzelmeisterschaft"]
[Site "Berlin"]
[Date "2010.08.20"]
[Round "5.126"]
[White "Garbe, Eckhard"]
[Black "Bungter, Hans"]
[Result "0-1"]
[WhiteElo "1439"]
[BlackElo "1635"]
[PlyCount "110"]
[EventDate "2010.??.??"]
[WhiteTeam "SV Blau-Weiß Grevesmuehlen"]
[BlackTeam "Rheydter SV 1920"]

1. d4 e6 2. c4 f5 3. Nf3 Nf6 4. g3 d5 5. e3 Be7 6. Nc3 c6 7. cxd5 exd5 8. Bg2
O-O 9. O-O Nbd7 10. a3 Ne4 11. Qc2 Nb6 12. b3 Bd6 13. Bb2 Qe7 14. Rfe1 Bd7 15.
Re2 Rf6 16. Nd2 Raf8 17. f3 Ng5 18. b4 a6 19. Rae1 Qf7 20. Nd1 Rh6 21. Nf1 Qh5
22. f4 Ne4 23. Nc3 Be8 24. Na4 Nxa4 25. Qxa4 c5 26. Qb3 c4 27. Qc2 Qf7 28. Ba1
Rg6 29. Qb2 Bb5 30. Qc1 Rc8 31. Bc3 Qe7 32. Qb2 Be8 33. Bh3 Qf6 34. Bg2 Qf8 35.
Bxe4 fxe4 36. Ra1 b5 37. Rf2 Qf5 38. Qc2 Be7 39. Qe2 Bf7 40. Ra2 Qh3 41. Nd2 h5
42. Qf1 Qg4 43. Qe2 Qf5 44. Kf1 h4 45. Ke1 hxg3 46. hxg3 Rxg3 47. Kd1 Qh3 48.
Rh2 Bh5 49. Rxh3 Bxe2+ 50. Kxe2 Rxh3 51. Nf1 Rc6 52. Be1 Rg6 53. Kd1 Rg1 54.
Rh2 Rxh2 55. Nxh2 Bh4 0-1

[Event "22.Deutsche Senioreneinzelmeisterschaft"]
[Site "Berlin"]
[Date "2010.08.20"]
[Round "5.127"]
[White "Scholtyssek, Werner"]
[Black "Kranch, Klaus"]
[Result "1/2-1/2"]
[WhiteElo "1623"]
[BlackElo "1480"]
[PlyCount "79"]
[EventDate "2010.??.??"]

1. c4 c5 2. Nc3 Nc6 3. Nf3 g6 4. e3 Bg7 5. d4 cxd4 6. exd4 e6 7. Nb5 d6 8. Bf4
e5 9. dxe5 dxe5 10. Qxd8+ Kxd8 11. O-O-O+ Ke7 12. Be3 Bh6 13. Bxh6 Nxh6 14. h3
Be6 15. Nc7 Rad8 16. Be2 Nd4 17. Nxd4 exd4 18. Nb5 Nf5 19. g4 Nd6 20. Nxd4 Bxc4
21. Bxc4 Nxc4 22. Rhe1+ Kf6 23. f4 Rhe8 24. Rxe8 Rxe8 25. b3 Ne3 26. Re1 Rc8+
27. Kd2 Nd5 28. g5+ Kg7 29. f5 a6 30. f6+ Kf8 31. Re5 Rd8 32. Re4 Re8 33. Rxe8+
Kxe8 34. a3 Kd7 35. h4 Kd6 36. Kd3 b5 37. Ke4 Nc3+ 38. Kd3 Nd5 39. Ke4 Nc3+ 40.
Kd3 1/2-1/2

[Event "22.Deutsche Senioreneinzelmeisterschaft"]
[Site "Berlin"]
[Date "2010.08.20"]
[Round "5.128"]
[White "Schwagrowski, Bernd"]
[Black "Roggenbach, Ottomar"]
[Result "1/2-1/2"]
[WhiteElo "1404"]
[BlackElo "1617"]
[PlyCount "41"]
[EventDate "2010.??.??"]
[WhiteTeam "ESV Grossenbaum e.V. 1973"]
[BlackTeam "SG Buende 1945"]

1. Nf3 Nc6 2. d4 d5 3. h3 Bf5 4. Bf4 e6 5. e3 Bd6 6. Bb5 a6 7. Bxc6+ bxc6 8.
Be5 Bxe5 9. Nxe5 Ne7 10. O-O f6 11. Nf3 Bg6 12. Nbd2 Nf5 13. Nb3 Nd6 14. Nfd2
Nb7 15. Re1 O-O 16. Rc1 e5 17. f3 Qe7 18. c4 Rac8 19. e4 dxe4 20. Nxe4 Rcd8 21.
Rc2 1/2-1/2

[Event "22.Deutsche Senioreneinzelmeisterschaft"]
[Site "Berlin"]
[Date "2010.08.20"]
[Round "5.129"]
[White "Mohr, Horst"]
[Black "Oldigs, Adolf"]
[Result "1/2-1/2"]
[WhiteElo "1616"]
[BlackElo "1395"]
[PlyCount "44"]
[EventDate "2010.??.??"]

1. d4 d5 2. Nf3 Nf6 3. e3 e6 4. Bd3 Nbd7 5. O-O Be7 6. Nbd2 b6 7. Ne5 Nxe5 8.
dxe5 Nd7 9. f4 Nc5 10. Qg4 g6 11. a3 Nxd3 12. cxd3 Ba6 13. Qe2 O-O 14. Rd1 Qc8
15. Nf3 c5 16. Qc2 Qb7 17. Kh1 b5 18. b3 Rac8 19. Qa2 Qd7 20. Bb2 Bb7 21. Rac1
a5 22. d4 c4 1/2-1/2

[Event "22.Deutsche Senioreneinzelmeisterschaft"]
[Site "Berlin"]
[Date "2010.08.20"]
[Round "5.130"]
[White "Kaufmann, Hans"]
[Black "Schneider, Siegfried"]
[Result "1/2-1/2"]
[WhiteElo "1394"]
[BlackElo "1611"]
[PlyCount "46"]
[EventDate "2010.??.??"]
[WhiteTeam "Spandauer SV e.V."]
[BlackTeam "Muldental Wilkau-Haßlau"]

1. e4 e5 2. Nf3 d6 3. Nc3 Be7 4. Bc4 Nf6 5. d3 Bg4 6. Nd5 Bxf3 7. Qxf3 Nbd7 8.
Nxe7 Qxe7 9. Bg5 h6 10. Bxf6 Nxf6 11. O-O O-O 12. c3 c6 13. Rae1 b5 14. Bb3 a5
15. a3 c5 16. Qf5 Qd7 17. Qxd7 Nxd7 18. f4 exf4 19. Rxf4 Ne5 20. Bc2 Rac8 21.
Re2 Nc6 22. Ref2 b4 23. Bb3 Rc7 1/2-1/2

[Event "22.Deutsche Senioreneinzelmeisterschaft"]
[Site "Berlin"]
[Date "2010.08.20"]
[Round "5.131"]
[White "Paris, Gerhard"]
[Black "Lichtblau, Ernst"]
[Result "1/2-1/2"]
[WhiteElo "1351"]
[BlackElo "1595"]
[PlyCount "102"]
[EventDate "2010.??.??"]

1. e4 c6 2. d4 d5 3. e5 Bf5 4. Bd3 Bxd3 5. Qxd3 e6 6. Ne2 Nd7 7. O-O g6 8. Nd2
Bg7 9. Nf3 Ne7 10. Ng3 Qc7 11. Bg5 Nb6 12. b3 h6 13. Bd2 O-O-O 14. a4 Nd7 15.
Bb4 c5 16. Bxc5 Nxc5 17. dxc5 Qxc5 18. Qb5 Qc7 19. Rfe1 Nc6 20. Qc5 d4 21. Rad1
Rd5 22. Qc4 Rhd8 23. c3 d3 24. Re3 Nxe5 25. Qxc7+ Kxc7 26. Nd4 Kb8 27. Kf1 Nc6
28. Rexd3 Bxd4 29. cxd4 Rxd4 30. Ke2 e5 31. f3 f5 32. h4 Rxd3 33. Rxd3 Rxd3 34.
Kxd3 Ne7 35. Kc4 Kc7 36. b4 Kc6 37. a5 a6 38. Ne2 Nd5 39. Kb3 Nf4 40. Nxf4 exf4
41. Kc4 g5 42. h5 g4 43. Kc3 Kd5 44. Kd3 Kc6 45. Kc4 b5+ 46. axb6 Kxb6 47. Kc3
Kb5 48. Kb3 Kb6 49. Kc3 Kc6 50. Kc4 Kd6 51. Kd4 Kc6 1/2-1/2